|
|
|
|
| LEADER |
00000nas a2200000 a 4500 |
| 001 |
ssj0059472 |
| 003 |
WaSeSS |
| 005 |
20200512172242.0 |
| 006 |
m d |
| 007 |
cr n |
| 008 |
970912c19959999sp ar p s 0 0spa |
| 010 |
|
|
|a 97661130
|z 2001615928
|
| 016 |
7 |
|
|a 010534572
|2 Uk
|
| 022 |
|
|
|l 1135-4712
|y 1135-4712
|
| 035 |
|
|
|a (WaSeSS)ssj0059472
|
| 040 |
|
|
|a DLC
|b eng
|c DLC
|d NYP
|d DLC
|d HUL
|d OCLCQ
|d UKMGB
|d OCLCO
|d OCLCQ
|d OCLCF
|d OCLCO
|d U3G
|d CUS
|d WaSeSS
|
| 042 |
|
|
|a pcc
|
| 050 |
0 |
0 |
|a BL7
|b .I48
|
| 222 |
|
0 |
|a ʼIlu
|b (Madrid)
|
| 245 |
0 |
0 |
|a ʼIlū
|h [electronic resource] :
|b revista de ciencias de las religiones /
|c Universidad Complutense de Madrid, Instituto Universitario de Ciencias de las Religiones.
|
| 246 |
3 |
0 |
|a Revista de ciencias de las religiones
|
| 260 |
|
|
|a Madrid :
|b Servicio de Publicaciones, Universidad Complutense,
|c 1995-
|
| 310 |
|
|
|a Annual
|
| 362 |
1 |
|
|a Began with no. 0 in 1995.
|
| 506 |
|
|
|a License restrictions may limit access.
|
| 546 |
|
|
|a In Spanish.
|
| 588 |
|
|
|a Description based on: No. 5 (2000).
|
| 650 |
|
0 |
|a Religion
|v Periodicals.
|
| 650 |
|
7 |
|a Religion.
|2 fast
|0 (OCoLC)fst01093763
|
| 655 |
|
0 |
|a Electronic journals.
|
| 710 |
2 |
|
|a Universidad Complutense de Madrid.
|b Instituto Universitario de Ciencias de las Religiones.
|
| 770 |
0 |
|
|t ʼIlū. Cuadernos
|x 1139-1529
|w (DLC) 2004208303
|w (OCoLC)54992939
|
| 850 |
|
|
|a DLC
|
| 856 |
4 |
0 |
|z Full text available from PRISMA Database with HAPI Index: 01/01/2005 to 01/31/2016
|u https://search.proquest.com/publication/237438
|